<?xml version="1.0" encoding="UTF-8"?>
<record
    xmlns:xsi="http://www.w3.org/2001/XMLSchema-instance"
    xsi:schemaLocation="http://www.loc.gov/MARC21/slim http://www.loc.gov/standards/marcxml/schema/MARC21slim.xsd"
    xmlns="http://www.loc.gov/MARC21/slim">

  <leader>00738nam a2200193Ia 4500</leader>
  <datafield tag="999" ind1=" " ind2=" ">
    <subfield code="c">42524</subfield>
    <subfield code="d">42524</subfield>
  </datafield>
  <controlfield tag="001">9221</controlfield>
  <controlfield tag="003">GE_BSU</controlfield>
  <controlfield tag="005">20240610154041.0</controlfield>
  <controlfield tag="008">181216s2002||||ru |||||||||||||| ||rus||</controlfield>
  <datafield tag="020" ind1=" " ind2=" ">
    <subfield code="a">5943870180</subfield>
  </datafield>
  <datafield tag="040" ind1=" " ind2=" ">
    <subfield code="c">GE_BSU</subfield>
  </datafield>
  <datafield tag="080" ind1=" " ind2=" ">
    <subfield code="a">004.738.5 &#x424;-59</subfield>
  </datafield>
  <datafield tag="100" ind1=" " ind2=" ">
    <subfield code="a">&#x424;&#x438;&#x43D;&#x43A;&#x43E;&#x432;, &#x41C;. &#x412;.</subfield>
    <subfield code="9">22380</subfield>
  </datafield>
  <datafield tag="245" ind1=" " ind2=" ">
    <subfield code="a">&#x418;&#x43D;&#x442;&#x435;&#x440;&#x43D;&#x435;&#x442; &#x448;&#x430;&#x433; &#x432;&#x442;&#x43E;&#x440;&#x43E;&#x439; : </subfield>
    <subfield code="b">&#x43B;&#x43E;&#x442; &#x43F;&#x43E;&#x44C;&#x437;&#x43E;&#x432;&#x430;&#x442;&#x435;&#x43B;&#x44F; &#x43A; &#x43F;&#x440;&#x43E;&#x444;&#x435;&#x441;&#x441;&#x438;&#x43E;&#x43D;&#x430;&#x43B;&#x443; /</subfield>
    <subfield code="c">&#x41C;.&#x412;. &#x424;&#x438;&#x43D;&#x43A;&#x43E;&#x432; ; &#x41F;&#x43E;&#x434; &#x440;&#x435;&#x434;. &#x421;. &#x41F;. &#x41A;&#x43E;&#x440;&#x44F;&#x43A;&#x438;&#x43D;&#x430;-&#x427;&#x435;&#x440;&#x43D;&#x44F;&#x43A;&#x430;.</subfield>
  </datafield>
  <datafield tag="264" ind1=" " ind2=" ">
    <subfield code="a">&#x421;&#x41F;&#x411; :</subfield>
    <subfield code="b">&#x41D;&#x430;&#x443;&#x43A;&#x430; &#x438; &#x442;&#x435;&#x445;&#x43D;&#x438;&#x43A;&#x430;,</subfield>
    <subfield code="c">2002.</subfield>
  </datafield>
  <datafield tag="300" ind1=" " ind2=" ">
    <subfield code="a">768 &#x441;&#x442;&#x440;. ; </subfield>
    <subfield code="b">&#x438;&#x43B;&#x43B;.</subfield>
  </datafield>
  <datafield tag="653" ind1=" " ind2=" ">
    <subfield code="a">&#x418;&#x43D;&#x442;&#x435;&#x440;&#x43D;&#x435;&#x442; &#x448;&#x430;&#x433; &#x432;&#x442;&#x43E;&#x440;&#x43E;&#x439;:&#x43E;&#x442; &#x43F;&#x43E;&#x43B;&#x44C;&#x437;&#x43E;&#x432;&#x430;&#x442;&#x435;&#x43B;&#x44F; &#x43A; &#x43F;&#x440;&#x43E;&#x444;&#x435;&#x441;&#x441;&#x438;&#x43E;&#x43D;&#x430;&#x43B;&#x443;</subfield>
  </datafield>
  <datafield tag="942" ind1=" " ind2=" ">
    <subfield code="c">BK</subfield>
    <subfield code="2">udc</subfield>
  </datafield>
  <datafield tag="952" ind1=" " ind2=" ">
    <subfield code="0">0</subfield>
    <subfield code="1">0</subfield>
    <subfield code="2">udc</subfield>
    <subfield code="4">0</subfield>
    <subfield code="6">0047385_&#x424;59</subfield>
    <subfield code="7">0</subfield>
    <subfield code="9">52871</subfield>
    <subfield code="a">CPL</subfield>
    <subfield code="b">CPL</subfield>
    <subfield code="c">GEN</subfield>
    <subfield code="d">2018-12-17</subfield>
    <subfield code="o">004.738.5 &#x424;-59</subfield>
    <subfield code="p">26821</subfield>
    <subfield code="r">2018-12-17</subfield>
    <subfield code="t">26821</subfield>
    <subfield code="w">2018-12-17</subfield>
    <subfield code="y">BK</subfield>
  </datafield>
</record>
